Cities bigger than the capitals - Statistics

General Stats
  • This quiz has been taken 70 times
  • The average score is 20 of 31
Answer Stats
Biggest city Capital % Correct
Mumbai New Delhi
100%
Johannesburg Pretoria/Bloemfontein/Cape Town
95%
New York Washington DC
95%
Istanbul Ankara
94%
Zurich Bern
94%
Sao Paulo Brasilia
94%
Sydney Canberra
90%
Toronto Ottawa
90%
Auckland Wellington
89%
Ho Chi Minh City Hanoi
87%
Karachi Islamabad
86%
Guangzhou Beijing
84%
Casablanca Rabat
84%
Lagos Abuja
79%
Aleppo Damascus
79%
Dubai Abu Dhabi
78%
Almaty Astana
67%
Belize city Belmopan
65%
Dar es Salaam Dodoma
57%
Guayaquil Quito
54%
Cotonou Porto Novo
44%
Santa Cruz de la Sierra Sucre/La Paz
44%
Yangon Naypyidaw
41%
Douala Yaounde
37%
Abidjan Yamoussoukro
33%
Colombo Sri Jayawardenepura Kotte
30%
Schaan Vaduz
25%
Birkirkara Valletta
21%
Omdurman Khartoum
16%
Koror Ngerulmud
13%
Weno Palikir
11%
No matching quizzes found
Score Distribution
Percent of People with Each Score
Percentile by Number Answered
Your Score History
You have not taken this quiz